000 00737cab a2200253 4500
001 ABS45606
008 090401t1991 xxu||||| |||| 00| 0 eng d
035 _a(Sirsi) u53949
041 _aeng
100 _aVan den Bos, J.
245 _aHave desk, will travel
260 _c1991
350 _a0
490 _aEuroProperty
_vDecember 1991, 34-36(3)
520 _aA round-up of the serviced office market in Europe. Highlights the vulnerability of the sector with more options for working from home.
650 _aBUSINESS CENTRES
650 _aEUROPE
650 _aOFFICES
650 _aSERVICED OFFICES
690 _aOFFICE SERVICES AND ADMINISTRATION
690 _aOVERSEAS-EUROPE
942 _n0
948 _c04/03/1997
999 _c33111
_d33111